000 00326nam a2200133Ia 4500
008 240624s9999 xx 000 0 und d
041 _aeng
082 _a333.790973 LIT
100 _aLITTLE AMANDA
245 _aPOWER TRIP
260 _c2009
_aLondon
_bHarper Press
300 _axvii, : 446 : p. : cm. ; 19
365 _cRS
_b20
999 _c15813
_d15813